000 00495nmm a2200157Ia 4500
008 251105s9999||||xx |||||||||||||||||und||
020 _a9788431534769
041 _aspa
100 _aDr. Virag, Ronald
245 0 _aLa píldora de la erección y la sexualidad. Mitos y realidades
264 _a[Madrid, España] :
_bDe Vecchi,
_c[Fecha de publicación no identificada]
300 _a0 páginas
650 _aFamily
856 _uhttps://public.digitaliapublishing.com/a/122062
942 _cCF
999 _c81394
_d81394